000 01130naa a22002657a 4500
001 BR9606902
003 BR-BrBNA
005 20240918181717.0
007 ta
008 230509b bl.||||| |||| 00| 0 por d
040 _aBR-BrBNA
_bpor
_cBiblioteca Nacional de Agricultura
041 _a(Pt)
072 _aE14
090 _aE14 BR9606902
100 1 _aTebet, R.
111 1 _a8. Congresso Brasileiro e Encontro Nacional de Pesquisa sobre Conservacao do Solo
_cLondrina, PR (Brazil)
_d22-29 Jul 1990
245 1 _aPlanejamento e desenvolvimento regional integral: situacao atual e tendencias
260 3 _aLondrina, PR (Brasil):
_c1996.
500 _aCastro Filho, C. de Manejo integrado de solos em microbacias hidrograficas Londrina, PR (Brasil): 1996. p. 193-216 (BR9606902-AM)E14
650 _aPlanejamento Regional
650 _aZoneamento Ecologico
773 0 _tManejo integrado de solos em microbacias hidrograficas
_aCastro Filho, C. de. Instituto Agronomico do Parana, Londrina (Brasil)
_wE14 BR9606902
_gLondrina, PR (Brasil), 1996. p. 193-216
909 _a202404
_bLucia
_c55
_dLucia Elande
942 _cAM
_2AGRIS
999 _c326491
_d326491